Most Populated -N Less-Countries - Statistics

General Stats
  • This quiz has been taken 37 times
  • The average score is 9 of 10
Answer Stats
Pop Answer % Correct
203 million Brazil
100%
146 million Russia
100%
102 million Egypt
97%
129 million Mexico
97%
58 million Italy
94%
60 million South Africa
94%
52 million Colombia
90%
105 million Ethiopia
84%
85 million Turkey
74%
51 million South Korea
68%
No matching quizzes found
Score Distribution
Percent of People with Each Score
Percentile by Number Answered
Your Score History
You have not taken this quiz